|
|
|
|
| LEADER |
00938nam a2200265 a 4500 |
| 001 |
12530274 |
| 008 |
100408s2002 maua 001 0 eng d |
| 010 |
|
|
|a 2001044950
|
| 020 |
|
|
|a 0072470399
|
| 040 |
|
|
|a DLC
|c DLC
|d DLC
|d BD-DhAAL
|
| 082 |
0 |
0 |
|a 005.75/65
|
| 100 |
1 |
|
|a Clifford, Sarah Hutchinson.
|
| 245 |
1 |
0 |
|a Microsoft Access 2002 /
|c Sarah E. Hutchinson, Glen J. Coulthard.
|
| 250 |
|
|
|a Complete ed.
|
| 260 |
|
|
|a Boston, Mass. :
|b McGraw-Hill/Irwin,
|c c2002.
|
| 300 |
|
|
|a xvi, 753, 24 p. :
|b ill. ;
|c 28 cm.
|
| 490 |
0 |
|
|a Advantage series
|
| 500 |
|
|
|a Includes index.
|
| 541 |
1 |
|
|e 00015627
|
| 650 |
|
0 |
|a Database management.
|
| 630 |
0 |
0 |
|a Microsoft Access.
|
| 700 |
1 |
|
|a Coulthard, Glen J.
|
| 852 |
4 |
|
|a Ayesha Abed Library
|j General shelf
|
| 999 |
|
|
|c 8029
|d 8029
|
| 952 |
|
|
|0 0
|1 0
|2 ddc
|4 0
|6 005_756500000000000_CLI_2000
|7 0
|9 9104
|a BRACUL
|b BRACUL
|c GEN
|d 2010-04-08
|l 3
|m 33
|o 005.7565 CLI
|p 3010015627
|r 2016-01-04
|s 2015-12-29
|t 1
|w 2010-04-08
|y BK
|